Dopady plnenia maastrichtských kritérií na konvergenciu a ekonomický rast v rámci EÚ

Dopad plnenia daných kritérií na konvergenciu ďalších makroekonomických indikátorov a na vývoj ekonomickej aktivity ekonomík EÚ integrujúcich sa do eurozóny.

Guardado en:
Detalles Bibliográficos
Autor principal: Drastichová, Magdaléna
Formato: Capítulo de libro
Lenguaje:eslovaco
Materias:
Etiquetas: Agregar Etiqueta
Sin Etiquetas, Sea el primero en etiquetar este registro!

MARC

LEADER 00000nla a2200000 4500
001 0151757
005 20220719103410.7
041 0 |a slo 
044 |a CZ 
245 1 0 |a Dopady plnenia maastrichtských kritérií na konvergenciu a ekonomický rast v rámci EÚ  |c Magdaléna Drastichová 
520 |a Dopad plnenia daných kritérií na konvergenciu ďalších makroekonomických indikátorov a na vývoj ekonomickej aktivity ekonomík EÚ integrujúcich sa do eurozóny. 
610 2 0 |a Európska únia 
610 2 0 |a eurozóna 
610 2 0 |a konvergencia 
610 2 0 |a kritériá rozhodovania 
610 2 0 |a rast hospodársky 
610 2 0 |a spolupráca medzinárodná 
100 1 |a Drastichová, Magdaléna